000 00653nam a2200241Ia 4500
003 OSt
005 20220918185209.0
006 a|||||r|||| 00| 0
007 ta
008 220917b |||||||| |||| 00| 0 eng d
024 _a50,050
037 _cTextual
040 _aARTS
_cARTS
_beng
041 _2eng
_aeng
082 _aP:(D6,8(B)), L8
100 _aHarrison Michael A
_968181
245 0 _aIntroduction to formal language theory
260 _aMenlo
_bPark Addison Wesley
_c1978
300 _axiv,594p.
_ccm.
650 _aLINGUISTICS
942 _hP:(D6,8(B)), L8
_cTEXL
_2CC
999 _c179649
_d179649